Príprava a štúdium vlastností polymérnych vrstiev využiteľných v obalovom priemysle

Saved in:
Bibliographic Details
Main Author: Raková, Stanislava
Format: Book
Language:English
Published: Bratislava STU FCHPT 2006
Online Access:View in OPAC
Tags: Add Tag
No Tags, Be the first to tag this record!

MARC

LEADER 00000nam a2200000 a 4500
005 20260127134319.0
008 060607 2006 xo 000 0 eng d
035 |a vtls008772748 
039 9 |y 200606131129  |z mschk03 
040 |a STUSCHK1  |b slo  |c STUSCHK1  |e AACR2 
100 1 |a Raková, Stanislava 
245 1 |a Príprava a štúdium vlastností polymérnych vrstiev využiteľných v obalovom priemysle 
260 |a Bratislava  |b STU FCHPT  |c 2006 
300 |a 81 s.  |b obr.,tab.,grafy, lit. + CD-ROM 
500 |a Obháj.: 7.6. 2006 
500 |a Špec.: Polymérne materiály 
500 |a Ústav polymérnych materiálov 
910 |a SCHK95 
999 |c 9565  |d 9565